| 000 | 00434nam a2200145Ia 4500 | ||
|---|---|---|---|
| 003 | OSt | ||
| 005 | 20260119150320.0 | ||
| 008 | 211028s2013 xx 000 0 und d | ||
| 040 | _cAIMIT LIBRARY | ||
| 041 | _aeng | ||
| 100 |
_aBhandari, Shubha; Suresh, Rajani. _g1116150 _97090 |
||
| 245 | _aIncreasing customer footfall in lifestyle international pvt ltd Mangalore / | ||
| 260 |
_aMangalore _bRajani Suresh _c2013 |
||
| 942 |
_2ddc _cPRO |
||
| 999 |
_c218660 _d218660 |
||